Human society (Record no. 542383)

000 -LEADER
fixed length control field 00434cam a2200157 i 4500
020 ## - INTERNATIONAL STANDARD BOOK NUMBER
International Standard Book Number 0405129629
082 ## - DEWEY DECIMAL CLASSIFICATION NUMBER
Classification number 301
Author Mark DAV
-- N01,P155
100 1# - MAIN ENTRY--PERSONAL NAME
Personal name Davis, Kingsley,
9 (RLIN) 37520
245 12 - TITLE STATEMENT
Title Human society
Statement of responsibility, etc. Kingsley Davis.
260 ## - PUBLICATION, DISTRIBUTION, ETC.
Place of publication, distribution, etc. India :
Name of publisher, distributor, etc. Surjeet Publications,
Date of publication, distribution, etc. 1980.
300 ## - PHYSICAL DESCRIPTION
Extent 655 p. :
Other physical details ill. ;
Dimensions 24 cm.
526 ## - STUDY PROGRAM INFORMATION NOTE
Program name 0
Interest level 0
Reading level 0
Title point value 301_000000000000000_DAV
650 #0 - SUBJECT ADDED ENTRY--TOPICAL TERM
Topical term or geographic name entry element Kinship.
9 (RLIN) 37521
650 #0 - SUBJECT ADDED ENTRY--TOPICAL TERM
Topical term or geographic name entry element NUST
9 (RLIN) 6342
942 ## - ADDED ENTRY ELEMENTS (KOHA)
Source of classification or shelving scheme
Koha item type Book
Holdings
Withdrawn status Lost status Source of classification or shelving scheme Damaged status Not for loan Permanent Location Current Location Date acquired Total Checkouts Full call number Barcode Date last seen Price effective from Koha item type
          Military College of Engineering (MCE) Military College of Engineering (MCE) 11/21/2013   301 DAV MCE-39032 11/21/2013 11/21/2013 Book
© 2023 Central Library, National University of Sciences and Technology. All Rights Reserved.